Les joueurs français avec le plus de dribbles réussis depuis 2009 - Statistiques

Statistiques générales
  • Ce quiz a été pris 206 fois
  • Le résultat moyen est 5 sur 10
Statistiques - réponses
Top Nb dribbles réussis Joueur % Correct
4 784 Kylian Mbappé
90%
1 1089 Franck Ribéry
87%
10 606 Kingsley Coman
64%
3 835 Paul Pogba
64%
5 731 Hatem Ben Arfa
57%
8 649 Dimitri Payet
45%
2 861 Allan Saint-Maximin
39%
6 689 Nabil Fekir
37%
9 615 Florian Thauvin
33%
7 668 Moussa Sissoko
9%
Aucun quiz correspondant
Distribution des résultats
% des personnes avec chaque résultat
Percentile par nombre de réponses
Votre historique - résultats
Vous n’avez pas pris ce quiz